000 00435nam a2200181Ia 4500
001 24761
005 20260414151105.0
008 260414t2010||||xx |||||||||||||| ||spa||
041 _aESP
082 _a345.733
_bE382 T. 3
100 _aEtchegaray, Natalio Pedro
_eAUT
245 0 _aDerecho civil aplicado
_b
260 _c2010
300 _a910 páginas :
_c23 cm.
650 _aDER
654 _aCDE
942 _cLIB
_dJUS
_fJUS
_2ddc
_n
999 _c24761
_d24761